| 000 | 01575cam a22004694i 4500 | ||
|---|---|---|---|
| 003 | PE-LiUPU | ||
| 005 | 20250731184532.0 | ||
| 008 | 150623s1999 nyua rb 000 0 eng d | ||
| 020 | _a050001647X | ||
| 035 | _a(Sirsi) i9780500016473 | ||
| 040 |
_aPE-LiUPU _bspa _cPE-LiUPU _erda |
||
| 049 | _aPRUA | ||
| 082 | 0 | 4 |
_a932.01 _bS583e _221 |
| 100 | 1 |
_aSiliotti, Alberto, _eautor. |
|
| 245 | 1 | 0 |
_aEgypt : _bsplendours of an ancient civilization / _cAlberto Siliotti. |
| 264 | 1 |
_aNew York, N.Y. : _bThames and Hudson, _c[1999]. |
|
| 300 |
_a290 páginas : _bilustraciones ; _c36 cm. |
||
| 336 |
_atext _2rdacontent |
||
| 337 |
_aunmediated _2rdamedia |
||
| 338 |
_avolume _2rdacarrier |
||
| 500 | _aglosario. | ||
| 504 | _aIncluye bibliografía. | ||
| 505 | 0 | _aKemet, the black land -- Five thousand years of history -- Voyages and voyagerss -- Temp´les and tombs in the land of the pharaohs. | |
| 526 | _aP136 | ||
| 526 | _aP135 | ||
| 526 | _aP134 | ||
| 526 | _aP133 | ||
| 526 | _aP144 | ||
| 526 | _aP143 | ||
| 526 | _aP87 | ||
| 526 | _aP35 | ||
| 526 | _aP20 | ||
| 526 | _aP14 | ||
| 526 | _aP10 | ||
| 526 | _aP06 | ||
| 651 | 0 |
_9260 _aEgipto. _vObras pictóricas. _xAntigüedades. |
|
| 651 | 0 |
_9261 _aEgipto. _vObras pictóricas. _xCivilización. _ya 332 a. de JC |
|
| 942 |
_2ddc _cBOOK |
||
| 949 |
_a932.01 S55 _wDEWEY _c1 _i46629 _d2016-9-15 _e2016-9-15 _lCCODEBUL1 _mBUL _n1 _r0 _sY _tBOOK _u2015-6-24 _xTEOLOGIA _0COMPRA _o.STAFF. Colección Teología |
||
| 999 |
_c23415 _d23415 |
||
| 980 |
_81 _gALBERTO SANCHEZ Responsable de Automatización |
||